Rey - Delaossa - Estadísticas

Estadísticas generales
  • Esta prueba ha sido intentada 9 veces
  • La puntuación promedio es 243 de 379
Estadísticas de respuestas
Hint Respuesta % Correcto
Un
100%
un
100%
200
83%
a
83%
amores
83%
autovía
83%
avise
83%
barrotes
83%
beso
83%
chico
83%
como
83%
cómo
83%
Verso Con
83%
con
83%
conoce
83%
de
83%
del
83%
dije
83%
dile
83%
el
83%
El
83%
en
83%
En
83%
es
83%
forma
83%
fuck
83%
grandes
83%
hice
83%
Hoy
83%
la
83%
La
83%
LA
83%
las
83%
Le
83%
lo
83%
los
83%
madre
83%
mala
83%
males
83%
me
83%
83%
mi
83%
miró
83%
morir
83%
Ni
83%
ni
83%
no
83%
¿no?
83%
No
83%
ojos
83%
otros
83%
pa
83%
pisen
83%
por
83%
que
83%
qué
83%
Que
83%
rascacielos
83%
sabe
83%
salió
83%
se
83%
83%
Si
83%
si
83%
sueños
83%
sus
83%
to
83%
83%
y
83%
Y
83%
ya
83%
Ya
83%
yo
83%
1
67%
abrieron
67%
abro
67%
alguien
67%
ando
67%
barrio
67%
Barrio
67%
boquete
67%
camino
67%
dicen
67%
fueron
67%
llega
67%
niño
67%
rey
67%
Roque
67%
siempre
67%
siendo
67%
sigo
67%
Solo
67%
sonreír
67%
años
50%
Aquí
50%
aquí
50%
Así
50%
aunque
50%
bala
50%
bien
50%
conoces
50%
contaminé
50%
cuero
50%
diez
50%
Dios
50%
dorado
50%
elegimos
50%
empezó
50%
esa
50%
está
50%
fast
50%
food
50%
hablo
50%
jodemos
50%
León
50%
like
50%
Llevo
50%
marcha
50%
Megan
50%
Metió
50%
mierda
50%
nos
50%
otra
50%
pal
50%
para
50%
perdida
50%
pussy
50%
sensación
50%
Intro ¿Te
50%
te
50%
tienes
50%
timeless
50%
Tory
50%
tus
50%
vida
50%
viré
50%
voy
50%
acabó
33%
acuerdas
33%
after
33%
Aimé
33%
amanezca
33%
Avirex
33%
bajo
33%
bendiga
33%
cima
33%
Cocino
33%
constante
33%
contratos
33%
control
33%
creer
33%
cuando
33%
dentro
33%
esperando
33%
Estamos
33%
firmo
33%
gira
33%
grabar
33%
guiñó
33%
Guti
33%
hable
33%
hace
33%
hacíamos
33%
Hilton?
33%
joseando
33%
lento
33%
Luego
33%
luego
33%
money
33%
music
33%
número
33%
Palo
33%
peligro
33%
plato
33%
Porque
33%
preocuparnos
33%
propósitos
33%
pusilánime
33%
quieres
33%
sacando
33%
Saliendo
33%
shorty
33%
sigue
33%
siquiera
33%
Somos
33%
todo
33%
vine
33%
vivir
33%
11
17%
arruine
17%
bandera
17%
bookea
17%
busqué
17%
cambió
17%
decide
17%
Diablos
17%
Eazy
17%
era
17%
Eso
17%
focus
17%
golfo
17%
habita
17%
habitas
17%
hambre
17%
jet
17%
Kenji
17%
líder
17%
lobby
17%
Montpellier
17%
movidas
17%
nada
17%
nadie
17%
nueve
17%
pase
17%
pureza
17%
puta
17%
rato
17%
ser
17%
tendrá
17%
Una
17%
vuelo
17%
llenan
0%
No se encontraron pruebas coincidentes
Distribución de puntuación
Porcentaje de gente con cada puntuación
Porcentaje por número respondido
Historial de tus puntuaciones
No has intentado esta prueba.